[Event "NRW Class2 1516"]
[Site "Germany"]
[Date "2016.05.08"]
[Round "9.6"]
[White "Bruchmann, Norbert"]
[Black "Kitte, Sebastian"]
[Result "0-1"]
[WhiteElo "2035"]
[BlackElo "2190"]
[PlyCount "114"]
[EventDate "2015.09.27"]
[EventType "team-tourn"]
[EventRounds "9"]
[EventCountry "GER"]
[SourceTitle "EXT 2017"]
[Source "ChessBase"]
[SourceDate "2016.10.25"]
[SourceVersion "1"]
[SourceVersionDate "2016.10.25"]
[SourceQuality "1"]
[WhiteTeam "Ennepe Ruhr Sued"]
[BlackTeam "Bochum II"]
[WhiteTeamCountry "GER"]
[BlackTeamCountry "GER"]

1. e4 c5 2. Nc3 e6 3. f4 d5 4. Bb5+ Bd7 5. Qe2 d4 6. Bxd7+ Qxd7 7. Nb1 d3 8. Qxd3 Qxd3 9. cxd3 Nc6 10. a3 Nd4 11. Ra2 Nb3 12. Kd1 Ne7 13. Nf3 Nc6 14. d4 Ncxd4 15. Nxd4 cxd4 16. Kc2 Nc5 17. e5 Rc8 18. b4 d3+ 19. Kc3 Ne4+ 20. Kd4 f5 21. exf6 Nxf6 22. Kxd3 Bd6 23. g3 0-0 24. Nc3 e5 25. fxe5 Bxe5 26. Rf1 Rfd8+ 27. Kc2 Ne4 28. Rf3 Ng5 29. Re3 Bd4 30. Re7 Rf8 31. Re2 Nf3 32. Kb3 Bg1 33. Re7 Nd4+ 34. Kb2 Bxh2 35. Rxb7 Bxg3 36. Rxa7 Be5 37. Rd7 g5 38. Rd5 Rf5 39. a4 Ne2 40. Rc5 Rb8 41. Rc4 Rf4 42. Rxf4 gxf4 43. Kc2 f3 44. Ba3 f2 45. Ra1 Ng3 46. b5 f1Q 47. Rxf1 Nxf1 48. Bc5 Rd8 49. d3 h5 50. Bb6 Rc8 51. d4 Bg3 52. Kd3 h4 53. Nd5 h3 54. Nf6+ Kf7 55. Ng4 Rg8 56. Ne5+ Bxe5 57. dxe5 h2 0-1

[Event "NRW Class2 1516"]
[Site "Germany"]
[Date "2016.01.10"]
[Round "5.6"]
[White "Haves, Reinhard"]
[Black "Kitte, Sebastian"]
[Result "1/2-1/2"]
[WhiteElo "2113"]
[BlackElo "2190"]
[PlyCount "121"]
[EventDate "2015.09.27"]
[EventType "team-tourn"]
[EventRounds "9"]
[EventCountry "GER"]
[SourceTitle "EXT 2017"]
[Source "ChessBase"]
[SourceDate "2016.10.25"]
[SourceVersion "1"]
[SourceVersionDate "2016.10.25"]
[SourceQuality "1"]
[WhiteTeam "Neuenkirchen"]
[BlackTeam "Bochum II"]
[WhiteTeamCountry "GER"]
[BlackTeamCountry "GER"]

1. Nf3 c5 2. c4 g6 3. Nc3 Bg7 4. e3 Nf6 5. d4 cxd4 6. exd4 d5 7. Bg5 Be6 8. Qb3 dxc4 9. Bxc4 Bxc4 10. Qxc4 0-0 11. 0-0 Nbd7 12. Qb3 Qb6 13. Rfe1 e6 14. Ne5 h6 15. Bxf6 Nxf6 16. Qxb6 axb6 17. Nc4 Rfd8 18. Nxb6 Ra6 19. Nc4 Rxd4 20. Ne3 Ne4 21. Nxe4 Rxe4 22. Re2 Rb4 23. Nd1 Rd4 24. Kf1 Rd3 25. Rc2 Be5 26. Ke2 Rd4 27. Nc3 Kg7 28. Rd1 Rc4 29. Rd7 b5 30. a3 Bxc3 31. bxc3 Rxa3 32. Kd3 Rc5 33. Rb7 Rb3 34. f4 h5 35. g3 Rd5+ 36. Ke2 Rc5 37. Kd3 b4 38. Rxb4 Rcxc3+ 39. Rxc3 Rxb4 40. Rc2 Kf6 41. Ke3 Kf5 42. Kf3 Rb3+ 43. Kg2 f6 44. Re2 Rb6 45. Kf3 g5 46. fxg5 Kxg5 47. Ra2 Rb5 48. Ra8 Rb3+ 49. Kg2 Rb2+ 50. Kg1 e5 51. h3 Rb7 52. Rg8+ Kf5 53. Rh8 Kg6 54. Kg2 e4 55. Re8 Rb2+ 56. Kg1 Kf5 57. Rh8 Kg6 58. Re8 Kf5 59. Rh8 Kg6 60. Re8 Kf5 61. Rh8 1/2-1/2

[Event "NRW Class2 1415"]
[Site "Germany"]
[Date "2015.03.22"]
[Round "8.5"]
[White "Haves, Reinhard"]
[Black "Kitte, Sebastian"]
[Result "0-1"]
[WhiteElo "2124"]
[BlackElo "2204"]
[PlyCount "97"]
[EventDate "2014.09.14"]
[EventType "team-tourn"]
[EventRounds "9"]
[EventCountry "GER"]
[SourceTitle "EXT 2017"]
[Source "ChessBase"]
[SourceDate "2016.10.25"]
[SourceVersion "1"]
[SourceVersionDate "2016.10.25"]
[SourceQuality "1"]
[WhiteTeam "Neuenkirchen"]
[BlackTeam "Bochum SG II"]
[WhiteTeamCountry "GER"]
[BlackTeamCountry "GER"]

1. d4 Nf6 2. Nf3 e6 3. g3 c5 4. Bg2 Nc6 5. 0-0 a6 6. c4 cxd4 7. Nxd4 Qc7 8. Nc3 Be7 9. b3 0-0 10. Bb2 d6 11. Rc1 Nxd4 12. Qxd4 Bd7 13. Rfd1 Rfd8 14. h3 Rab8 15. a3 Bf8 16. e3 Be8 17. b4 Rdc8 18. Qd2 Qe7 19. Qe2 Bc6 20. e4 b6 21. b5 axb5 22. Nxb5 Ne8 23. a4 Ra8 24. Ra1 Qb7 25. Re1 Qe7 26. Qe3 Rab8 27. Ba3 Qb7 28. Nd4 e5 29. Nb5 Ra8 30. Bb4 Rd8 31. Qb3 Nc7 32. Rad1 Ne6 33. Rd2 Qa6 34. Ra1 Qb7 35. Nc3 Nd4 36. Qd1 Qc8 37. Rxd4 exd4 38. Qxd4 Qc7 39. Ne2 Rxa4 40. Rxa4 Bxa4 41. Nf4 Bc6 42. Bc3 Re8 43. Kh2 Bb7 44. Nh5 f6 45. Bf3 Qe7 46. Qxb6 Bxe4 47. Bxf6 Qf7 48. Bxe4 Rxe4 49. Qb5 0-1

[Event "BL2-West 1415"]
[Site "Germany"]
[Date "2015.03.15"]
[Round "8.8"]
[White "Hobusch, Jan"]
[Black "Kitte, Sebastian"]
[Result "1/2-1/2"]
[WhiteElo "2167"]
[BlackElo "2249"]
[PlyCount "67"]
[EventDate "2014.09.21"]
[EventType "team-tourn"]
[EventRounds "9"]
[EventCountry "GER"]
[SourceTitle "CBM 166 Extra"]
[Source "ChessBase"]
[SourceDate "2015.06.18"]
[SourceVersion "1"]
[SourceVersionDate "2015.06.18"]
[SourceQuality "1"]
[WhiteTeam "Solingen II"]
[BlackTeam "Bochum SG"]
[WhiteTeamCountry "GER"]
[BlackTeamCountry "GER"]

1. d4 Nf6 2. Bf4 e6 3. e3 c5 4. c3 cxd4 5. exd4 Nc6 6. Nf3 d6 7. Bd3 Be7 8. h3 b6 9. 0-0 0-0 10. Qe2 Bb7 11. Nbd2 Re8 12. Rfe1 g6 13. Qf1 Nb8 14. a4 a6 15. Bh2 Bf8 16. Qe2 Nbd7 17. Qd1 Qc7 18. Bf1 Rac8 19. Qb3 Nb8 20. Ng5 Nc6 21. Nge4 Nxe4 22. Nxe4 Be7 23. Qd1 Nb8 24. Qd2 Nd7 25. Qh6 Nf6 26. Nxf6+ Bxf6 27. Qf4 Be7 28. Bg3 Rcd8 29. Bh4 Bxh4 30. Qxh4 Kg7 31. Re3 Qe7 32. Qxe7 Rxe7 33. Ra3 Rb8 34. Rb3 1/2-1/2

[Event "NRW Class2 1415"]
[Site "Germany"]
[Date "2014.11.16"]
[Round "3.5"]
[White "Villwock, Martin"]
[Black "Kitte, Sebastian"]
[Result "1-0"]
[WhiteElo "2151"]
[BlackElo "2204"]
[PlyCount "53"]
[EventDate "2014.09.14"]
[EventType "team-tourn"]
[EventRounds "9"]
[EventCountry "GER"]
[SourceTitle "EXT 2017"]
[Source "ChessBase"]
[SourceDate "2016.10.25"]
[SourceVersion "1"]
[SourceVersionDate "2016.10.25"]
[SourceQuality "1"]
[WhiteTeam "Katernberg II"]
[BlackTeam "Bochum SG II"]
[WhiteTeamCountry "GER"]
[BlackTeamCountry "GER"]

1. b3 e5 2. Bb2 Nc6 3. e3 Nf6 4. Bb5 Bd6 5. Na3 a6 6. Bxc6 dxc6 7. Nc4 Qe7 8. Ne2 Bd7 9. Nxd6+ cxd6 10. d3 c5 11. Qd2 Bc6 12. e4 0-0-0 13. c4 Nh5 14. g4 Nf6 15. Rg1 Nd7 16. a3 Nf8 17. b4 Ne6 18. Rb1 b5 19. Qc2 bxc4 20. Qxc4 Bb5 21. Qc2 Qd7 22. Rg3 f6 23. Nc3 Nd4 24. Qd1 cxb4 25. Nd5 Kb7 26. Bxd4 exd4 27. Rxb4 1-0

[Event "NRW Class2 1415"]
[Site "Germany"]
[Date "2014.09.14"]
[Round "1.5"]
[White "Marcziter, Dmitrii"]
[Black "Kitte, Sebastian"]
[Result "1/2-1/2"]
[WhiteElo "2179"]
[BlackElo "2204"]
[PlyCount "24"]
[EventDate "2014.09.14"]
[EventType "team-tourn"]
[EventRounds "9"]
[EventCountry "GER"]
[SourceTitle "EXT 2017"]
[Source "ChessBase"]
[SourceDate "2016.10.25"]
[SourceVersion "1"]
[SourceVersionDate "2016.10.25"]
[SourceQuality "1"]
[WhiteTeam "Aachen Aufwaerts II"]
[BlackTeam "Bochum SG II"]
[WhiteTeamCountry "GER"]
[BlackTeamCountry "GER"]

1. d4 Nf6 2. c4 e6 3. Nf3 Bb4+ 4. Bd2 a5 5. g3 d6 6. Bg2 Nbd7 7. 0-0 e5 8. e3 Bxd2 9. Nfxd2 0-0 10. Nc3 c6 11. a3 Qe7 12. b4 Nb6 1/2-1/2

[Event "NRW Class1 1213"]
[Site "Germany"]
[Date "2013.04.07"]
[Round "8.3"]
[White "Kitte, Sebastian"]
[Black "Reinemer, Frank"]
[Result "1/2-1/2"]
[WhiteElo "2244"]
[BlackElo "2169"]
[PlyCount "77"]
[EventDate "2012.09.16"]
[EventType "team-tourn"]
[EventRounds "9"]
[EventCountry "GER"]
[SourceTitle "EXT 2017"]
[Source "ChessBase"]
[SourceDate "2016.10.25"]
[SourceVersion "1"]
[SourceVersionDate "2016.10.25"]
[SourceQuality "1"]
[WhiteTeam "Bochum II"]
[BlackTeam "Langenfeld"]
[WhiteTeamCountry "GER"]
[BlackTeamCountry "GER"]

1. d4 c5 2. d5 e5 3. e4 d6 4. Bb5+ Nd7 5. a4 a6 6. Bd3 Be7 7. Nf3 Ngf6 8. Nbd2 0-0 9. 0-0 Ne8 10. Nc4 b6 11. c3 Kh8 12. b4 g6 13. bxc5 bxc5 14. Qc2 Ng7 15. Bh6 Nf6 16. a5 Ng8 17. Bc1 Ra7 18. Rb1 f5 19. Nb6 fxe4 20. Bxe4 Bf5 21. Nd2 Bg5 22. Bxf5 gxf5 23. Nf3 Bxc1 24. Qxc1 f4 25. Re1 Nf5 26. Qc2 Rg7 27. Kh1 Nh4 28. Nxh4 Qxh4 29. f3 Rf6 30. Nc4 Rg3 31. Re2 Rh6 32. h3 Rhg6 33. Qf5 Nh6 34. Rb8+ Ng8 35. Rb7 Rxg2 36. Rxg2 Qe1+ 37. Kh2 Rxg2+ 38. Kxg2 Qe2+ 39. Kg1 1/2-1/2

[Event "NRW Class1 1213"]
[Site "Germany"]
[Date "2013.02.17"]
[Round "6.3"]
[White "Kitte, Sebastian"]
[Black "Kern, Guido"]
[Result "1/2-1/2"]
[WhiteElo "2244"]
[BlackElo "2308"]
[PlyCount "34"]
[EventDate "2012.09.16"]
[EventType "team-tourn"]
[EventRounds "9"]
[EventCountry "GER"]
[SourceTitle "EXT 2017"]
[Source "ChessBase"]
[SourceDate "2016.10.25"]
[SourceVersion "1"]
[SourceVersionDate "2016.10.25"]
[SourceQuality "1"]
[WhiteTeam "Bochum II"]
[BlackTeam "Dinslaken"]
[WhiteTeamCountry "GER"]
[BlackTeamCountry "GER"]

1. d4 e6 2. c4 Bb4+ 3. Bd2 a5 4. g3 d6 5. Nf3 Nc6 6. Bg2 e5 7. dxe5 dxe5 8. 0-0 Nf6 9. Nc3 0-0 10. Rc1 h6 11. Qc2 Be6 12. b3 Qe7 13. Rcd1 Rfd8 14. Bc1 Bc5 15. h3 Nb4 16. Qb1 Nc6 17. Qc2 Nb4 1/2-1/2

[Event "NRW Class1 1213"]
[Site "Germany"]
[Date "2013.01.20"]
[Round "5.2"]
[White "Kitte, Sebastian"]
[Black "Matthias, Heiner"]
[Result "1/2-1/2"]
[WhiteElo "2244"]
[BlackElo "2320"]
[PlyCount "37"]
[EventDate "2012.09.16"]
[EventType "team-tourn"]
[EventRounds "9"]
[EventCountry "GER"]
[SourceTitle "EXT 2017"]
[Source "ChessBase"]
[SourceDate "2016.10.25"]
[SourceVersion "1"]
[SourceVersionDate "2016.10.25"]
[SourceQuality "1"]
[WhiteTeam "Bochum II"]
[BlackTeam "Lippstadt Turm"]
[WhiteTeamCountry "GER"]
[BlackTeamCountry "GER"]

1. d4 d5 2. c4 e6 3. Nc3 c6 4. e3 Nd7 5. Qc2 Ngf6 6. Nf3 Bd6 7. g4 dxc4 8. Bxc4 a6 9. Rg1 b5 10. Be2 Bb7 11. e4 e5 12. g5 Ng8 13. Be3 Ne7 14. 0-0-0 Qc7 15. dxe5 Nxe5 16. Nxe5 Bxe5 17. Bg4 Bc8 18. h4 0-0 19. Bxc8 1/2-1/2

[Event "BL2-West 1112"]
[Site "Germany"]
[Date "2012.04.15"]
[Round "9.7"]
[White "Kitte, Sebastian"]
[Black "Bonnmann, Reinhard"]
[Result "1-0"]
[WhiteElo "2261"]
[BlackElo "2259"]
[PlyCount "81"]
[EventDate "2011.10.02"]
[EventType "team-tourn"]
[EventRounds "9"]
[EventCountry "GER"]
[SourceTitle "EXT 2015"]
[Source "ChessBase"]
[SourceDate "2014.11.20"]
[SourceVersion "1"]
[SourceVersionDate "2014.11.20"]
[SourceQuality "1"]
[WhiteTeam "Bochum SG"]
[BlackTeam "Koeln SF"]
[WhiteTeamCountry "GER"]
[BlackTeamCountry "GER"]

1. d4 Nf6 2. c4 g6 3. Nc3 Bg7 4. e4 d6 5. Nf3 0-0 6. Be2 e5 7. d5 a5 8. h3 Na6 9. Bg5 c6 10. Nd2 Nc5 11. Nb3 h6 12. Bxf6 Qxf6 13. Nxc5 dxc5 14. Bg4 h5 15. Bxc8 Raxc8 16. 0-0 Qh4 17. Qe2 f5 18. Rad1 Rcd8 19. f3 Bh6 20. Qf2 Qe7 21. Rfe1 Bg5 22. Na4 cxd5 23. Rxd5 Rxd5 24. cxd5 b5 25. Nxc5 f4 26. Rc1 Bh4 27. Qd2 Rc8 28. d6 Qf7 29. Qxa5 Qd7 30. Qd2 Qc6 31. b4 Rd8 32. Rd1 Kf7 33. Kf1 Ke8 34. Qc3 Bf6 35. Qd3 Be7 36. d7+ Kf8 37. Qd5 Qxd5 38. Rxd5 Ra8 39. Ne6+ Kf7 40. d8Q Bxd8 41. Nxd8+ 1-0

[Event "Oberliga NRW 1112"]
[Site "Germany"]
[Date "2011.11.13"]
[Round "3.4"]
[White "Van Beek, Alexander"]
[Black "Kitte, Sebastian"]
[Result "1/2-1/2"]
[WhiteElo "2261"]
[BlackElo "2223"]
[PlyCount "57"]
[EventDate "2011.09.18"]
[EventType "team-tourn"]
[EventRounds "9"]
[EventCountry "GER"]
[SourceTitle "EXT 2015"]
[Source "ChessBase"]
[SourceDate "2014.11.20"]
[SourceVersion "1"]
[SourceVersionDate "2014.11.20"]
[SourceQuality "1"]
[WhiteTeam "Erkenschwick"]
[BlackTeam "Bochum SG II"]
[WhiteTeamCountry "GER"]
[BlackTeamCountry "GER"]

1. d4 Nf6 2. c4 e6 3. g3 Bb4+ 4. Bd2 a5 5. Bg2 d6 6. e4 Nbd7 7. Ne2 e5 8. 0-0 exd4 9. Nxd4 0-0 10. Nc3 Re8 11. Qc2 Ne5 12. Bg5 c6 13. Rad1 h6 14. Bxf6 Qxf6 15. Na4 Bc5 16. Nxc5 dxc5 17. Nf5 Bxf5 18. exf5 Rad8 19. h3 Rd4 20. b3 Red8 21. Rxd4 Rxd4 22. Re1 Qd6 23. Qe2 f6 24. f4 Rd2 25. Qe3 Rd3 26. Qe4 Rd4 27. Qe3 Rd3 28. Qe4 Rd4 29. Qe3 1/2-1/2

[Event "BL2-West 1011"]
[Site "Germany"]
[Date "2010.10.24"]
[Round "2.8"]
[White "Kitte, Sebastian"]
[Black "Brendel, Oliver"]
[Result "0-1"]
[WhiteElo "2290"]
[BlackElo "2389"]
[PlyCount "68"]
[EventDate "2010.10.10"]
[EventType "team-tourn"]
[EventRounds "9"]
[EventCountry "GER"]
[SourceTitle "EXT 2012"]
[Source "ChessBase"]
[SourceDate "2011.11.24"]
[SourceVersion "1"]
[SourceVersionDate "2011.11.24"]
[SourceQuality "1"]
[WhiteTeam "Bochum 31"]
[BlackTeam "Hofheim"]
[WhiteTeamCountry "GER"]
[BlackTeamCountry "GER"]

1. d4 Nf6 2. c4 g6 3. Nc3 d5 4. cxd5 Nxd5 5. Bd2 Bg7 6. e4 Nb6 7. Be3 0-0 8. Nf3 Bg4 9. Be2 Nc6 10. d5 Bxf3 11. gxf3 Na5 12. Bd4 Bh6 13. h4 c5 14. Bxc5 Nac4 15. Bxc4 Nxc4 16. Qe2 b5 17. Kf1 Bg7 18. Rc1 Rc8 19. Nxb5 Rxc5 20. Nxa7 Qb6 21. Nc6 Nxb2 22. Nxe7+ Kh8 23. Kg2 Rxc1 24. Rxc1 Qf6 25. Nc6 Qxh4 26. Rc2 Qg5+ 27. Kf1 Ra8 28. Qb5 h5 29. Ke2 Rxa2 30. Nb4 Ra1 31. Qe8+ Kh7 32. Qxf7 Qg1 33. Rxb2 Qd1+ 34. Ke3 Ra3+ 0-1

[Event "BL2-West 0910"]
[Site "Germany"]
[Date "2010.04.11"]
[Round "9.8"]
[White "Kitte, Sebastian"]
[Black "Peschel, Andreas"]
[Result "1/2-1/2"]
[WhiteElo "2279"]
[BlackElo "2219"]
[PlyCount "42"]
[EventDate "2009.10.18"]
[EventType "team-tourn"]
[EventRounds "9"]
[EventCountry "GER"]
[SourceTitle "EXT 2011"]
[Source "ChessBase"]
[SourceDate "2010.11.26"]
[SourceVersion "1"]
[SourceVersionDate "2010.11.26"]
[SourceQuality "1"]
[WhiteTeam "Bochum"]
[BlackTeam "Solingen"]
[WhiteTeamCountry "GER"]
[BlackTeamCountry "GER"]

1. d4 d5 2. c4 e6 3. Nc3 c6 4. Bf4 Nf6 5. e3 Be7 6. Nf3 0-0 7. Bd3 dxc4 8. Bxc4 b5 9. Bd3 a6 10. 0-0 Nbd7 11. Ne5 Bb7 12. Qf3 Qb6 13. Qh3 Rfd8 14. Nxd7 Rxd7 15. Be5 h6 16. Bxf6 Bxf6 17. Ne4 Be7 18. Rac1 Rd5 19. Nc3 Rdd8 20. Ne4 Rd5 21. Nc3 Rdd8 1/2-1/2

[Event "NRW Class2 0910"]
[Site "Germany"]
[Date "2010.02.01"]
[Round "6.3"]
[White "Kitte, Sebastian"]
[Black "Horstmann, Olaf"]
[Result "1-0"]
[WhiteElo "2279"]
[BlackElo "2196"]
[PlyCount "67"]
[EventDate "2009.09.20"]
[EventType "team-tourn"]
[EventRounds "9"]
[EventCountry "GER"]
[SourceTitle "EXT 2011"]
[Source "ChessBase"]
[SourceDate "2010.11.26"]
[SourceVersion "1"]
[SourceVersionDate "2010.11.26"]
[SourceQuality "1"]
[WhiteTeam "Bochum SG II"]
[BlackTeam "Godesberg II"]
[WhiteTeamCountry "GER"]
[BlackTeamCountry "GER"]

1. d4 f5 2. g3 Nf6 3. Bg2 g6 4. Nf3 Bg7 5. 0-0 d6 6. b4 0-0 7. Bb2 c6 8. c4 Na6 9. Qb3 Nc7 10. Nbd2 h6 11. a4 Qe8 12. b5 Bd7 13. Bc3 Qf7 14. Rab1 Ne6 15. e3 g5 16. Qc2 f4 17. exf4 gxf4 18. bxc6 bxc6 19. Nh4 Ng5 20. Rb7 f3 21. Nhxf3 Nxf3+ 22. Bxf3 Bh3 23. Re1 Rae8 24. Bxc6 Qh5 25. Bxe8 Rxe8 26. Qd1 Bg4 27. f3 Bd7 28. d5 e5 29. Rxa7 e4 30. Bxf6 Bxf6 31. Rxd7 Bd4+ 32. Kh1 e3 33. Ne4 Bb6 34. Nf6+ 1-0

[Event "BL2-West 0910"]
[Site "Germany"]
[Date "2010.01.24"]
[Round "5.8"]
[White "Kitte, Sebastian"]
[Black "Schenderowitsch, Michael"]
[Result "1/2-1/2"]
[WhiteElo "2279"]
[BlackElo "2252"]
[PlyCount "40"]
[EventDate "2009.10.18"]
[EventType "team-tourn"]
[EventRounds "9"]
[EventCountry "GER"]
[SourceTitle "EXT 2011"]
[Source "ChessBase"]
[SourceDate "2010.11.26"]
[SourceVersion "1"]
[SourceVersionDate "2010.11.26"]
[SourceQuality "1"]
[WhiteTeam "Bochum"]
[BlackTeam "Schott Mainz"]
[WhiteTeamCountry "GER"]
[BlackTeamCountry "GER"]

1. d4 e6 2. c4 Nf6 3. Nc3 Bb4 4. e3 d5 5. Bd3 c5 6. cxd5 Nxd5 7. Nge2 cxd4 8. exd4 Nc6 9. 0-0 Be7 10. Be4 Bf6 11. Qb3 Nce7 12. Nxd5 Nxd5 13. Nc3 Nxc3 14. bxc3 0-0 15. Bf4 Qa5 16. Rab1 e5 17. dxe5 Bxe5 18. Bxe5 Qxe5 19. Bxb7 Rb8 20. Qd5 Qxc3 1/2-1/2

[Event "Ruhrgebiet Regionalliga 0708"]
[Site "Germany"]
[Date "2008.05.04"]
[Round "9.1"]
[White "Kitte, Sebastian"]
[Black "Van der Wiel, John"]
[Result "0-1"]
[WhiteElo "2286"]
[BlackElo "2487"]
[PlyCount "79"]
[EventDate "2007.09.16"]
[EventType "team"]
[EventRounds "9"]
[EventCountry "GER"]
[SourceTitle "EXT 2009"]
[Source "ChessBase"]
[SourceDate "2008.11.26"]
[SourceVersion "1"]
[SourceVersionDate "2008.11.26"]
[SourceQuality "1"]
[WhiteTeam "Bochum 31 II"]
[BlackTeam "Uberruhr"]
[WhiteTeamCountry "GER"]
[BlackTeamCountry "GER"]

1. d4 Nf6 2. c4 e6 3. Nc3 Bb4 4. Qc2 d5 5. cxd5 Nxd5 6. e4 Nxc3 7. bxc3 Qxd4 8. Bb2 Ba5 9. Nf3 Qc5 10. 0-0-0 Nc6 11. c4 0-0 12. e5 Nb4 13. Qb3 b5 14. Bd4 Qc6 15. c5 Qd5 16. Qxd5 Nxd5 17. Bxb5 Rb8 18. Bc4 Rb4 19. Bb3 Ba6 20. c6 Ra8 21. Bc5 Rg4 22. Bxd5 exd5 23. Rd4 h5 24. Rxg4 hxg4 25. Nd4 Bc4 26. Kc2 Bb6 27. Bxb6 axb6 28. Ra1 Ra3 29. e6 fxe6 30. Nxe6 Kf7 31. Nd4 Ke7 32. f3 gxf3 33. gxf3 Kd6 34. h4 Ke5 35. Rd1 Rxa2+ 36. Kc3 Ra3+ 37. Kc2 g6 38. Rd2 Ra2+ 39. Kc3 Rxd2 40. f4+ 0-1

[Event "Ruhrgebiet Regionalliga 0708"]
[Site "Germany"]
[Date "2008.03.16"]
[Round "7.1"]
[White "Kitte, Sebastian"]
[Black "Happel, Heiner"]
[Result "1/2-1/2"]
[WhiteElo "2286"]
[BlackElo "2247"]
[PlyCount "173"]
[EventDate "2007.09.16"]
[EventType "team"]
[EventRounds "9"]
[EventCountry "GER"]
[SourceTitle "EXT 2009"]
[Source "ChessBase"]
[SourceDate "2008.11.26"]
[SourceVersion "1"]
[SourceVersionDate "2008.11.26"]
[SourceQuality "1"]
[WhiteTeam "Bochum 31 II"]
[BlackTeam "Hamm "]
[WhiteTeamCountry "GER"]
[BlackTeamCountry "GER"]

1. d4 e6 2. c4 f5 3. g3 Nf6 4. Bg2 d5 5. Nf3 c6 6. 0-0 Be7 7. b3 0-0 8. Nc3 Bd7 9. Bb2 Be8 10. Ne5 Nbd7 11. Nd3 Bd6 12. Qc2 Qe7 13. e3 Bf7 14. a4 g5 15. Qc1 Ne4 16. f3 Nxc3 17. Bxc3 Bg6 18. f4 Bh5 19. Ra2 h6 20. Qe1 gxf4 21. exf4 Nf6 22. Bb4 dxc4 23. bxc4 Bxb4 24. Qxb4 Qd7 25. c5 Rad8 26. Ne5 Qxd4+ 27. Qxd4 Rxd4 28. Rb2 Nd7 29. Nxd7 Rxd7 30. Rfb1 Rff7 31. a5 a6 32. Kf2 Bd1 33. Bf1 Rfe7 34. Bg2 Kf7 35. Ke1 Ba4 36. Kf2 Kf6 37. Re1 Bb5 38. Re5 Rd1 39. Bf3 Rd4 40. Kg1 Red7 41. Rb1 Ra4 42. Bd1 Re4 43. Bb3 Rdd4 44. Re1 Rxe1+ 45. Rxe1 Bc4 46. Rb1 Bd3 47. Rd1 e5 48. Kf2 e4 49. Bc2 Ke6 50. Ke3 Rd8 51. Bb3+ Ke7 52. Rd2 Rh8 53. Rd1 Kf6 54. Rg1 h5 55. h4 Rd8 56. Rd1 Rd7 57. Kf2 Ke7 58. Ke3 Rd8 59. Rd2 Rh8 60. Rd1 Rh6 61. Rg1 Rh7 62. Re1 Kf6 63. Rg1 Rg7 64. Ba2 Bc2 65. Bc4 Rd7 66. Re1 Ba4 67. Be2 Rd5 68. Rc1 Bb5 69. Bxh5 Rd3+ 70. Kf2 Ra3 71. Re1 Rxa5 72. g4 Ra2+ 73. Kg1 fxg4 74. Bxg4 Bd3 75. Bc8 Rc2 76. Bxb7 Rxc5 77. Kf2 a5 78. Ra1 Kf5 79. Ke3 Kg4 80. Kd4 Rc4+ 81. Ke3 a4 82. Ba6 Rb4 83. Bxd3 exd3 84. Rg1+ Kxh4 85. Kxd3 Rxf4 86. Rg6 c5 87. Kc3 1/2-1/2

[Event "Ruhrgebiet Regionalliga 0708"]
[Site "Germany"]
[Date "2008.01.27"]
[Round "5.1"]
[White "Kitte, Sebastian"]
[Black "Ueter, Heinz Dieter"]
[Result "1-0"]
[WhiteElo "2286"]
[BlackElo "2243"]
[PlyCount "79"]
[EventDate "2007.09.16"]
[EventType "team"]
[EventRounds "9"]
[EventCountry "GER"]
[SourceTitle "EXT 2009"]
[Source "ChessBase"]
[SourceDate "2008.11.26"]
[SourceVersion "1"]
[SourceVersionDate "2008.11.26"]
[SourceQuality "1"]
[WhiteTeam "Bochum 31 II"]
[BlackTeam "Ahlen"]
[WhiteTeamCountry "GER"]
[BlackTeamCountry "GER"]

1. d4 Nf6 2. c4 g6 3. Nc3 Bg7 4. e4 d6 5. Nf3 0-0 6. h3 e5 7. d5 a5 8. Be3 Na6 9. g4 Nc5 10. Nd2 c6 11. Qe2 a4 12. f3 Qa5 13. a3 Bd7 14. h4 cxd5 15. cxd5 b5 16. Bxc5 dxc5 17. Nxb5 Rab8 18. Nd6 Rxb2 19. N6c4 Qc3 20. Nxb2 Qxb2 21. Rb1 Qc3 22. Qd3 Qa5 23. Kf2 h5 24. Nc4 Qd8 25. g5 Nh7 26. Nb6 f6 27. Nxd7 Qxd7 28. Bh3 Qd8 29. gxf6 Bxf6 30. Ke2 Bxh4 31. d6 Ng5 32. Qd5+ Kh7 33. Rb7+ Kh6 34. Bg2 Qf6 35. Qd2 Bg3 36. d7 Bf4 37. Qd3 Ne6 38. Rhb1 Qg5 39. Kf1 Be3 40. Rb8 1-0

[Event "NRW Class2 0607"]
[Site "Germany"]
[Date "2007.05.06"]
[Round "9.2"]
[White "Schoenthier, Frank"]
[Black "Kitte, Sebastian"]
[Result "1/2-1/2"]
[WhiteElo "2343"]
[BlackElo "2281"]
[PlyCount "30"]
[EventDate "2006.09.17"]
[EventType "team-tourn"]
[EventRounds "9"]
[EventCountry "GER"]
[SourceTitle "EXT 2008"]
[Source "ChessBase"]
[SourceDate "2007.11.25"]
[SourceVersion "1"]
[SourceVersionDate "2007.11.25"]
[SourceQuality "1"]
[WhiteTeam "Monheim"]
[BlackTeam "Bochum 31 II"]
[WhiteTeamCountry "GER"]
[BlackTeamCountry "GER"]

1. e4 c5 2. Nf3 e6 3. d4 cxd4 4. Nxd4 Nf6 5. Nc3 d6 6. g3 Nc6 7. Bg2 Bd7 8. 0-0 Nxd4 9. Qxd4 Bc6 10. a4 Be7 11. Be3 0-0 12. h3 Qb8 13. Rfd1 Rd8 14. Qb4 Bf8 15. Bg5 d5 1/2-1/2

[Event "NRW Class2 0607"]
[Site "Germany"]
[Date "2006.09.17"]
[Round "1.5"]
[White "Lupor, Andre"]
[Black "Kitte, Sebastian"]
[Result "1/2-1/2"]
[WhiteElo "2288"]
[BlackElo "2281"]
[PlyCount "79"]
[EventDate "2006.09.17"]
[EventType "team-tourn"]
[EventRounds "9"]
[EventCountry "GER"]
[SourceTitle "EXT 2007"]
[Source "ChessBase"]
[SourceDate "2006.11.23"]
[SourceVersion "1"]
[SourceVersionDate "2006.11.23"]
[SourceQuality "1"]
[WhiteTeam "Duesseldorf"]
[BlackTeam "Bochum 31 II"]
[WhiteTeamCountry "GER"]
[BlackTeamCountry "GER"]

1. e4 c5 2. Nc3 e6 3. g3 Nc6 4. Bg2 g6 5. d3 d6 6. Be3 Bg7 7. Qd2 Nge7 8. Bh6 Bxh6 9. Qxh6 Nd4 10. Rc1 Ng8 11. Qg7 Qf6 12. Qxf6 Nxf6 13. Nge2 Bd7 14. Nxd4 cxd4 15. Ne2 e5 16. c3 dxc3 17. Rxc3 Ke7 18. Kd2 Rhc8 19. h3 Rxc3 20. bxc3 Rc8 21. Rb1 b6 22. Rb3 Be6 23. Ra3 a5 24. f4 Nd7 25. g4 f6 26. Bf3 Rf8 27. f5 gxf5 28. exf5 Bf7 29. c4 Nc5 30. Rc3 Rc8 31. Rc1 Rd8 32. Nc3 h6 33. Rb1 Rb8 34. Bc6 Kd8 35. Ke3 Kc7 36. Bd5 Be8 37. Bf3 Bf7 38. Bd5 Be8 39. Bf3 Bf7 40. Bd5 1/2-1/2